Top 10 WARZYWA, które są OWOCAMI - Statystyki

Ogólne statystyki
  • Ten quiz został rozwiązany 15 razy
  • Średni wynik to 5 z 10
Statystyki odpowiedzi
Odpowiedź % Poprawnych
Ogórek
100%
Pomidor
100%
Dynia
58%
Marchew
58%
Cukinia
50%
Papryka
50%
Bakłażan
33%
Fasola
33%
Groch
17%
Kukurydza
17%
Nie znaleziono quizów pasujących do podanych kryteriów
Rozkład punktacji
Procent ludzi z każdym wynikiem
Percentyl według liczby udzielonych odpowiedzi
Twoja historia wyników
Nie rozwiązałeś tego quizu